| 000 | 00682nam a2200193 a 4500 | ||
|---|---|---|---|
| 001 | 2976 | ||
| 003 | CDMR | ||
| 005 | 20131202171438.0 | ||
| 008 | 130130s1987||||||||||||||||||||||||||||d | ||
| 020 | _a8486094210 | ||
| 040 |
_aCDMR _bcat _cCDMR |
||
| 100 | 1 |
_aPérez Luño, Antonio Enrique _92188 |
|
| 245 | 1 | 0 |
_aNuevas tecnologías, sociedad y derecho _b: el impacto socio-jurídico de las N.T. de la información _cAntonio-Enrique Pérez Luño |
| 260 |
_aMadrid _c1987 _bFundesco |
||
| 490 | 0 |
_aLos Libros de Fundesco. _aImpactos |
|
| 650 | 0 | 4 |
_93364 _aTecnologia de la informació _yAspectes socials |
| 650 | 0 | 4 |
_94283 _aTecnologia de la informació _xDret i legislació |
| 942 |
_cMON _2udc |
||
| 999 |
_c2976 _d2976 |
||